000 00885nam a2200289 a 4500
001 24928
003 CO-ViMGA
008 141112s2004 ck r 000 u spa d
020 _a9789587584516
040 _aCO-ViMGA
_bspa
_cCO-ViMGA
041 _aSPA
090 _aA CUE66
100 1 _aCuéllar Serrano, Olga
_937453
245 1 0 _aMis opuestos /
_cTexto e ilustraciones Olga Cuéllar
250 _a1a ed.
260 _aBogotá :
_bAlfaguara,
_c2012
300 _a14 p. : il. col. : il.
650 1 4 _aANIMALES - LIBROS DE IMAGENES
_937454
650 1 4 _aAUTORES COLOMBIANOS
_932
650 1 4 _aDESDE LOS 6 MESES
_937455
650 1 4 _aILUSTRADORES COLOMBIANOS
_937456
650 1 4 _aLIBROS DE IMAGENES
_929438
650 1 4 _aLITERATURA INFANTIL COLOMBIANA
_934
650 1 4 _aVOCALES - LIBROS DE IMAGENES
_937457
700 1 _aCuéllar Serrano, Olga
_937453
942 _2ddc
_cBK
999 _c2510
_d2510